| 000 | 01565nam a22003737a 4500 | ||
|---|---|---|---|
| 003 | CHAP | ||
| 005 | 20220329143835.0 | ||
| 008 | 111202s2011 mx r 00010 spa d | ||
| 010 | _a102616 | ||
| 011 | _a103588 | ||
| 035 | _a114277 | ||
| 040 | _cCHAP | ||
| 090 | _aTesis | ||
| 100 | 1 |
_aCárdenas Soriano, Arturo. _924098 |
|
| 245 | 1 | 0 |
_aResistencia de alpistillo (Phalaris minor Retz.) proveniente del Estado de Sonora a los herbicidas ciodinafop- propargyl y pinoxaden _h[En línea] _c/por Arturo Cárdenas Soriano |
| 260 |
_aChapingo, Méx. : _bEl autor, _c2011 |
||
| 500 | _aPara ver el contenido del material haga clic en la liga | ||
| 502 | _aTesis (Ing. Agr. Esp. en Parasitología Agrícola) -- UACH. Departamento de Parasitología Agrícola | ||
| 590 |
_aALEPH _b10 _c20130110 _lUCH01 _h1543 |
||
| 590 |
_aBATCH-UPD _b10 _c20130110 _lUCH01 _h1308 |
||
| 590 |
_aBATCH-UPD _b10 _c20130410 _lUCH01 _h0612 |
||
| 590 |
_aBATCH-UPD _b10 _c20130914 _lUCH01 _h0953 |
||
| 590 |
_aBATCH-UPD _b10 _c20140324 _lUCH01 _h1529 |
||
| 590 |
_aCONVERSION _b10 _c20130109 _lUCH01 _h1356 |
||
| 650 | 1 | 4 |
_aControl químico. _927604 |
| 650 | 1 | 4 |
_aHerbicidas _xAplicación. _953692 |
| 650 | 1 | 4 |
_aMalas hierbas _xSonora. _970039 |
| 650 | 1 | 4 |
_aPhalaris minor. _987761 |
| 856 |
_3Finding aidhttp://www.ceres.chapingo.mx:2048/login?url=http://10.13.5.2/tesis/114277.pdf _zTeclea aqui |
||
| 901 | _aBK | ||
| 942 | _cFOLL | ||
| 949 |
_aTesis _bBC _cTES _d33724002313959 _eTS1 _gDonaciØn _h53096 _i114277 _st |
||
| 949 |
_aTesis _bBC _cTES _d33724002313991 _eTS2 _fc.2 _gDonaciØn _h53097 _i114277 _st |
||
| 999 |
_c102616 _d102616 |
||